• 首页
  • 本馆介绍
  • 公告通知
  • 最新文献
  • 馆藏检索
  • 电子资源
  • 读者导购
  • 参考咨询
  • 我的图书馆
  • 登录
  • 详细信息显示
  • 放入我的书架
  • 预约/预借图书
  • 作者相关作品
  • 分类相关作品
  • 丛书相关作品
  • 出版社相关作品

书目信息

  • 表格格式
  • 工作单格式
  • 卡片格式
题名:
中国工艺美术史新编
    
 
作者: 尚刚 编著
分册:  
出版信息: 北京   高等教育出版社  2015
页数: 340页
开本: 26cm
丛书名:
单 册:
中图分类: J509.2
科图分类:
主题词: 工艺美术史--中国--高等教育--教材
电子资源:
ISBN: 978-7-04-041617-6
000 00871nam0 2200241 450
001 0103549163
005 20150908144014.0
010    @a978-7-04-041617-6@dCNY58.80
100    @a20150707d2015 em y0chiy0120 ea
101 0  @achi
102    @aCN@b110000
105    @aa z 000yy
106    @ar
200 1  @a中国工艺美术史新编@9Zhong Guo Gong Yi Mei Shu;Zhu Shi Xin Bian @f尚刚编著@b专著
210    @a北京@c高等教育出版社@d2015
215    @a340页@c图@d26cm
300    @a“十二五”普通高等教育本科国家级规划教材 国家精品资源共享课配套教材 清华大学名优教材立项资助
330    @a本书介绍了中国重要时代的重要工艺美术现象,主要以出土文物为基础进行说明,在很大程度上还原了历史本来面貌。
606 0  @a工艺美术史@y中国@x高等教育@j教材
690    @aJ509.2@v5
701  0 @a尚刚@f(1952~)@4编著@9shang gang
801  0 @aCN@bAZmarc@c20230907
905    @aBZT@dJ509@e4@f1@sJ509/4
    
    中国工艺美术史新编/尚刚编著.-北京:高等教育出版社,2015
    340页:图;26cm
    “十二五”普通高等教育本科国家级规划教材 国家精品资源共享课配套教材 清华大学名优教材立项资助
    
    ISBN 978-7-04-041617-6:CNY58.80
    本书介绍了中国重要时代的重要工艺美术现象,主要以出土文物为基础进行说明,在很大程度上还原了历史本来面貌。
●
相关链接 在五车中查询图书 在当当中查询图书 在豆瓣中查询图书


正题名:中国工艺美术史新编     索取号:J509/4         预约/预借

序号 登录号 条形码 馆藏地/架位号 状态 备注
1 2000009243   2000009243   旧书回溯/ [索取号:J509/4] 在馆    
山东省滨州职业学院图书馆 欢迎您!
大连网信软件有限公司© 版权所有